MARC details
| 000 -LEADER |
| fixed length control field |
04149cim a2201033 i 4500 |
| 001 - CONTROL NUMBER |
| control field |
on1255718878 |
| 003 - CONTROL NUMBER IDENTIFIER |
| control field |
OCoLC |
| 005 - DATE AND TIME OF LATEST TRANSACTION |
| control field |
20220708133101.0 |
| 007 - PHYSICAL DESCRIPTION FIXED FIELD--GENERAL INFORMATION |
| fixed length control field |
sd fsngnnmmned |
| 008 - FIXED-LENGTH DATA ELEMENTS--GENERAL INFORMATION |
| fixed length control field |
210610s2021 nyunnnnd f n eng d |
| 040 ## - CATALOGING SOURCE |
| Original cataloging agency |
BLACP |
| Language of cataloging |
eng |
| Description conventions |
rda |
| Transcribing agency |
BLACP |
| Modifying agency |
OCLCO |
| -- |
OCLCF |
| -- |
KYC |
| -- |
OCLCQ |
| -- |
OCL |
| -- |
OCLCO |
| -- |
WACOL |
| 019 ## - |
| -- |
1268552219 |
| 020 ## - INTERNATIONAL STANDARD BOOK NUMBER |
| International Standard Book Number |
9781665098380 |
| Qualifying information |
(sound recording ; |
| -- |
Blackstone Library CD) |
| 020 ## - INTERNATIONAL STANDARD BOOK NUMBER |
| International Standard Book Number |
1665098384 |
| Qualifying information |
(sound recording ; |
| -- |
Blackstone Library CD) |
| 020 ## - INTERNATIONAL STANDARD BOOK NUMBER |
| International Standard Book Number |
9781665098397 |
| Qualifying information |
(sound recording ; |
| -- |
Blackstone Retail CD) |
| 020 ## - INTERNATIONAL STANDARD BOOK NUMBER |
| International Standard Book Number |
1665098392 |
| Qualifying information |
(sound recording ; |
| -- |
Blackstone Retail CD) |
| 020 ## - INTERNATIONAL STANDARD BOOK NUMBER |
| International Standard Book Number |
9780063087927 |
| 020 ## - INTERNATIONAL STANDARD BOOK NUMBER |
| International Standard Book Number |
0063087928 |
| 024 3# - OTHER STANDARD IDENTIFIER |
| Standard number or code |
9780063087927 |
| 028 42 - PUBLISHER NUMBER |
| Publisher number |
13951353 |
| 035 ## - SYSTEM CONTROL NUMBER |
| System control number |
(OCoLC)1255718878 |
| Canceled/invalid control number |
(OCoLC)1268552219 |
| 037 ## - SOURCE OF ACQUISITION |
| Stock number |
ZPecya |
| Source of stock number/acquisition |
Blackstone Publishing |
| 037 ## - SOURCE OF ACQUISITION |
| Stock number |
ZEecya |
| Source of stock number/acquisition |
Blackstone Publishing |
| 043 ## - GEOGRAPHIC AREA CODE |
| Geographic area code |
e-uk--- |
| 050 #4 - LIBRARY OF CONGRESS CALL NUMBER |
| Classification number |
PZ7.H1917 |
| Item number |
Mxy 2021ab |
| 082 04 - DEWEY DECIMAL CLASSIFICATION NUMBER |
| Classification number |
[Fic] |
| Edition number |
23 |
| 092 ## - LOCALLY ASSIGNED DEWEY CALL NUMBER (OCLC) |
| Classification number |
audiobook |
| Item number |
Hand |
| 049 ## - LOCAL HOLDINGS (OCLC) |
| Holding library |
WACL |
| 100 1# - MAIN ENTRY--PERSONAL NAME |
| Personal name |
Hand, Cynthia, |
| Dates associated with a name |
1978- |
| Relator term |
author. |
| 9 (RLIN) |
5871083 |
| 245 10 - TITLE STATEMENT |
| Title |
My contrary Mary / |
| Statement of responsibility, etc |
Cynthia Hand, Brodi Ashton, Jodi Meadows. |
| 250 ## - EDITION STATEMENT |
| Edition statement |
Unabridged. |
| 264 #1 - Production, Publication, Distribution, Manufacture, and Copyright Notice. |
| Place of production, publication, distribution, manufacture |
[New York] : |
| Name of producer, publisher, distributor, manufacturer |
HarperCollins, |
| Date of production, publication, distribution, manufacture, or copyr |
[2021] |
| 300 ## - PHYSICAL DESCRIPTION |
| Extent |
10 audio discs (12 1/2 hr.) ; |
| Dimensions |
4 3/4 in. |
| 306 ## - PLAYING TIME |
| Playing time |
123000 |
| 336 ## - Content Type |
| Content type term |
spoken word |
| 337 ## - Media type |
| Media type term |
audio |
| 338 ## - Carrier type |
| Carrier type term |
audio disc |
| 340 ## - PHYSICAL MEDIUM |
| Dimensions |
4 3/4 in. |
| 344 ## - |
| -- |
digital |
| -- |
rdatr |
| 344 ## - |
| -- |
optical |
| -- |
rdarm |
| 344 ## - |
| -- |
1.4 m/s |
| 347 ## - |
| -- |
audio file |
| -- |
rdaft |
| 347 ## - |
| -- |
CD audio |
| 380 ## - |
| -- |
Audiobook |
| 385 ## - |
| -- |
adolescent |
| -- |
marctarget |
| 490 0# - SERIES STATEMENT |
| Series statement |
The Mary Series ; |
| Volume number/sequential designation |
Book 1 |
| 511 0# - PARTICIPANT OR PERFORMER NOTE |
| Participant or performer note |
Read by Fiona Hardingham. |
| 520 ## - SUMMARY, ETC. |
| Summary, etc |
Mary is the queen of Scotland and the jewel of the French court. Except when she's a mouse. Mary is an E�ian (shapeshifter), a secret that could cost her a head, or a tail. |
| 521 ## - TARGET AUDIENCE NOTE |
| Target audience note |
young adult audiobooks |
| Source |
micromarketing |
| 600 00 - SUBJECT ADDED ENTRY--PERSONAL NAME |
| Personal name |
Mary, |
| Titles and other words associated with a name |
Queen of Scots, |
| Dates associated with a name |
1542-1587 |
| Form subdivision |
Fiction. |
| 9 (RLIN) |
5725338 |
| 650 #0 - SUBJECT ADDED ENTRY--TOPICAL TERM |
| Topical term or geographic name as entry element |
Shapeshifting |
| Form subdivision |
Fiction. |
| 9 (RLIN) |
5680862 |
| 650 #0 - SUBJECT ADDED ENTRY--TOPICAL TERM |
| Topical term or geographic name as entry element |
Courts and courtiers |
| Form subdivision |
Fiction. |
| 9 (RLIN) |
5673858 |
| 651 #0 - SUBJECT ADDED ENTRY--GEOGRAPHIC NAME |
| Geographic name |
France |
| General subdivision |
History |
| Chronological subdivision |
Francis II, 1559-1560 |
| Form subdivision |
Fiction. |
| 9 (RLIN) |
6410099 |
| 650 #0 - SUBJECT ADDED ENTRY--TOPICAL TERM |
| Topical term or geographic name as entry element |
Young adult fiction. |
| 600 11 - SUBJECT ADDED ENTRY--PERSONAL NAME |
| Personal name |
Mary, Queen of Scots, |
| Dates associated with a name |
1542-1587 |
| Form subdivision |
Fiction. |
| 9 (RLIN) |
5725338 |
| 650 #1 - SUBJECT ADDED ENTRY--TOPICAL TERM |
| Topical term or geographic name as entry element |
Shapeshifting |
| Form subdivision |
Fiction. |
| 9 (RLIN) |
5680862 |
| 650 #1 - SUBJECT ADDED ENTRY--TOPICAL TERM |
| Topical term or geographic name as entry element |
Courts and courtiers |
| Form subdivision |
Fiction. |
| 9 (RLIN) |
5673858 |
| 651 #1 - SUBJECT ADDED ENTRY--GEOGRAPHIC NAME |
| Geographic name |
France |
| General subdivision |
History |
| Chronological subdivision |
Francis II, 1559-1560 |
| Form subdivision |
Fiction. |
| 9 (RLIN) |
6410099 |
| 650 #6 - SUBJECT ADDED ENTRY--TOPICAL TERM |
| Topical term or geographic name as entry element |
M�etamorphose |
| Form subdivision |
Romans, nouvelles, etc. |
| 9 (RLIN) |
6451481 |
| 650 #6 - SUBJECT ADDED ENTRY--TOPICAL TERM |
| Topical term or geographic name as entry element |
Cours et courtisans |
| Form subdivision |
Romans, nouvelles, etc. |
| 9 (RLIN) |
6451482 |
| 650 #6 - SUBJECT ADDED ENTRY--TOPICAL TERM |
| Topical term or geographic name as entry element |
Roman pour jeunes adultes. |
| 9 (RLIN) |
6446960 |
| 650 #7 - SUBJECT ADDED ENTRY--TOPICAL TERM |
| Topical term or geographic name as entry element |
YOUNG ADULT FICTION |
| General subdivision |
Romance |
| -- |
Historical. |
| Source of heading or term |
bisacsh |
| 9 (RLIN) |
6436065 |
| 650 #7 - SUBJECT ADDED ENTRY--TOPICAL TERM |
| Topical term or geographic name as entry element |
YOUNG ADULT FICTION |
| General subdivision |
Historical |
| -- |
Europe. |
| Source of heading or term |
bisacsh |
| 9 (RLIN) |
6446961 |
| 650 #7 - SUBJECT ADDED ENTRY--TOPICAL TERM |
| Topical term or geographic name as entry element |
YOUNG ADULT FICTION |
| General subdivision |
Family |
| -- |
General. |
| Source of heading or term |
bisacsh |
| 9 (RLIN) |
6451483 |
| 600 07 - SUBJECT ADDED ENTRY--PERSONAL NAME |
| Personal name |
Mary, |
| Titles and other words associated with a name |
Queen of Scots, |
| Dates associated with a name |
1542-1587. |
| Source of heading or term |
fast |
| -- |
(OCoLC)fst00053298 |
| 650 #7 - SUBJECT ADDED ENTRY--TOPICAL TERM |
| Topical term or geographic name as entry element |
Courts and courtiers. |
| Source of heading or term |
fast |
| -- |
(OCoLC)fst00881829 |
| 650 #7 - SUBJECT ADDED ENTRY--TOPICAL TERM |
| Topical term or geographic name as entry element |
Shapeshifting. |
| Source of heading or term |
fast |
| -- |
(OCoLC)fst01748560 |
| 650 #7 - SUBJECT ADDED ENTRY--TOPICAL TERM |
| Topical term or geographic name as entry element |
Young adult fiction. |
| Source of heading or term |
fast |
| -- |
(OCoLC)fst01183080 |
| 651 #7 - SUBJECT ADDED ENTRY--GEOGRAPHIC NAME |
| Geographic name |
France. |
| Source of heading or term |
fast |
| -- |
(OCoLC)fst01204289 |
| 648 #7 - SUBJECT ADDED ENTRY--CHRONOLOGICAL TERM |
| Chronological term |
1559-1560 |
| Source of heading or term |
fast |
| 9 (RLIN) |
6433935 |
| 655 #0 - INDEX TERM--GENRE/FORM |
| Genre/form data or focus term |
Historical romance. |
| 9 (RLIN) |
5696222 |
| 655 #0 - INDEX TERM--GENRE/FORM |
| Genre/form data or focus term |
Young adult fiction. |
| 655 #7 - INDEX TERM--GENRE/FORM |
| Genre/form data or focus term |
Young adult works. |
| Source of term |
fast |
| -- |
(OCoLC)fst01726790 |
| 9 (RLIN) |
5723197 |
| 655 #7 - INDEX TERM--GENRE/FORM |
| Genre/form data or focus term |
Audiobooks. |
| Source of term |
fast |
| -- |
(OCoLC)fst01726208 |
| 655 #7 - INDEX TERM--GENRE/FORM |
| Genre/form data or focus term |
Fantasy fiction. |
| Source of term |
fast |
| -- |
(OCoLC)fst01726607 |
| 655 #7 - INDEX TERM--GENRE/FORM |
| Genre/form data or focus term |
Fiction. |
| Source of term |
fast |
| -- |
(OCoLC)fst01423787 |
| 9 (RLIN) |
5673940 |
| 655 #7 - INDEX TERM--GENRE/FORM |
| Genre/form data or focus term |
Historical fiction. |
| Source of term |
fast |
| -- |
(OCoLC)fst01726640 |
| 655 #7 - INDEX TERM--GENRE/FORM |
| Genre/form data or focus term |
History. |
| Source of term |
fast |
| -- |
(OCoLC)fst01411628 |
| 9 (RLIN) |
5675940 |
| 655 #7 - INDEX TERM--GENRE/FORM |
| Genre/form data or focus term |
Fantasy fiction. |
| Source of term |
gsafd |
| 655 #7 - INDEX TERM--GENRE/FORM |
| Genre/form data or focus term |
Historical fiction. |
| Source of term |
gsafd |
| 655 #7 - INDEX TERM--GENRE/FORM |
| Genre/form data or focus term |
Audiobooks. |
| Source of term |
lcgft |
| 655 #7 - INDEX TERM--GENRE/FORM |
| Genre/form data or focus term |
Fantasy fiction. |
| Source of term |
lcgft |
| 655 #7 - INDEX TERM--GENRE/FORM |
| Genre/form data or focus term |
Historical fiction. |
| Source of term |
lcgft |
| 655 #7 - INDEX TERM--GENRE/FORM |
| Genre/form data or focus term |
Livres audio. |
| Source of term |
rvmgf |
| 9 (RLIN) |
6445220 |
| 700 1# - ADDED ENTRY--PERSONAL NAME |
| Personal name |
Ashton, Brodi, |
| Relator term |
author. |
| 9 (RLIN) |
5920161 |
| 700 1# - ADDED ENTRY--PERSONAL NAME |
| Personal name |
Meadows, Jodi, |
| Relator term |
author. |
| 700 1# - ADDED ENTRY--PERSONAL NAME |
| Personal name |
Hardingham, Fiona, |
| Relator term |
narrator. |
| 9 (RLIN) |
5687112 |
| 994 ## - |
| -- |
C0 |
| -- |
WACOL |